| 000 | 01092nas a2200349 4500 | ||
|---|---|---|---|
| 001 | BR0302896 | ||
| 003 | BR-BrBNA | ||
| 005 | 20231205103845.0 | ||
| 007 | ta | ||
| 008 | 230509b bl.|||p| |||| 00| 00por d | ||
| 040 |
_aBR-BrBNA _bpor _cBiblioteca Nacional de Agricultura |
||
| 041 | _a(Pt) | ||
| 072 | _aF01; F02 | ||
| 100 | 1 | _aAbreu, I.N. | |
| 100 | 1 | _aPinto, J.E.B.P. | |
| 100 | 1 | _aBertolucci, S.K.V. | |
| 100 | 1 | _aGeromel, C. | |
| 100 | 1 | _aCastro, E.M. | |
| 245 | 1 | _aAvaliação de diferentes concentrações de auxinas e tipos de explantes na indução e crescimento de calos de Cissus sicyoides L., uma planta medicinal | |
| 650 | _aPLANTA MEDICINAL | ||
| 650 | _aVITIDACEAE | ||
| 650 | _aCALO | ||
| 650 | _aAUXINA | ||
| 650 | _aANÁLISE QUÍMICA | ||
| 650 | _aCRESCIMENTO | ||
| 650 | _aPROPAGAÇÃO VEGETATIVA | ||
| 650 | _aEXPLANTE | ||
| 650 | _aCULTURA IN VITRO | ||
| 773 | 0 |
_tRevista Brasileira de Plantas Medicinais (Brazil) _xISSN 1516-0572 _g(Apr 2003), v. 5(2) p. 83-89 _wBR0302896 |
|
| 909 |
_a202311 _bLúcia _c55 _dLúcia Elande |
||
| 942 |
_2AGRIS _n0 _cANA |
||
| 999 |
_c175102 _d175102 |
||